Sports Quiz

Random Sports or Tennis Quiz

10+ Slam Quarters (Men since '68) Quiz Stats

 Plays Quiz not verified by Sporcle

Challenge
Share
Tweet
Embed
Score 0/42 Timer 13:00
0 Plays Today
Nation Player % Correct
SUI*Roger Federer
99.8%
ESP*Rafael Nadal
99.6%
SRB*Novak Djokovic
98.9%
USAAndre Agassi
98.7%
USAPete Sampras
98.5%
GBR*Andy Murray
98.5%
CZE/USAIvan Lendl
97.6%
USAJohn McEnroe
97.6%
USAJimmy Connors
97.3%
GERBoris Becker
97.1%
SWEBjorn Borg
96.9%
SWEStefan Edberg
96.2%
SWEMats Wilander
94.5%
SUI*Stanislas Wawrinka
93.8%
ESP*David Ferrer
93.6%
FRA*Jo-Wilfried Tsonga
93.1%
AUSLleyton Hewitt
92.5%
USAAndy Roddick
90.9%
CZE*Tomas Berdych
89.4%
ARGGuillermo Vilas
85.6%
ROUIlie Nastase
85.6%
Nation Player % Correct
USAJim Courier
85.2%
GBRTim Henman
85%
CROGoran Ivanisevic
83.6%
USAMichael Chang
83.4%
AUSJohn Newcombe
83.2%
RUSYevgeny Kafelnikov
79.4%
USAArthur Ashe
77%
GERMichael Stich
75%
AUSKen Rosewall
72.1%
FRAYannick Noah
72.1%
ARGDavid Nalbandian
71.7%
USAStan Smith
67.3%
ARG*Juan Martin Del Potro
60.4%
USATodd Martin
54.6%
RSA/USAJohan Kriek
54.2%
CRO*Marin Cilic
53.3%
USAVitas Gerulaitis
52.4%
NEDTom Okker
52.2%
CZEJan Kodes
50.2%
AUSTony Roche
46.7%
USARoscoe Tanner
43.8%

You're not logged in!

Compare scores with friends on all Sporcle quizzes.
Join for Free
OR
Log In

You Might Also Like...

Show Comments

Extras

Top Quizzes Today


Score Distribution

Your Account Isn't Verified!

In order to create a playlist on Sporcle, you need to verify the email address you used during registration. Go to your Sporcle Settings to finish the process.

Report this User

Report this user for behavior that violates our Community Guidelines.

Details: